Gobierno corporativo en personas jurd̕icas no mercantiles

Detalles Bibliográficos
Autor principal: Viųelas Sanz, Margarita
Formato: eBook
Lenguaje:español
Publicado: Madrid: Marcial Pons, 2015
Materias:
Acceso en línea:Acceso restringido

MARC

LEADER 00000nam a22000007a 4500
005 20210531213647.0
007 cr|||| ||||
008 210531s2015 es |||||s|||| 00||0 spa d
020 |a 978-84-1381-171-0 
035 |a 33676 
040 |a vLex 
090 |c 11764  |d 11764 
100 1 |a Viųelas Sanz, Margarita 
245 1 0 |a Gobierno corporativo en personas jurd̕icas no mercantiles  |h [Recurso electrn̤ico] /  |c Margarita Viųelas Sanz 
256 |a Servicio en ln̕ea 
260 |a Madrid:  |b Marcial Pons,  |c 2015 
300 |a 1 recurso electrn̤ico 
500 |a El estudio del gobierno corporativo suele abordarse en sociedades mercantiles cotizadas, y ms̀ recientemente en las no cotizadas. Sin embargo, es significativamente menor el anl̀isis del gobierno corporativo en relacin̤ con personas jurd̕icas tradicionalmente consideradas no mercantiles, como asociaciones, fundaciones o cooperativas, y hoy en da̕, con una pujante presencia, directa o indirecta, en el mercado, y una creciente complejidad organizativa, que contribuye a explicar la significada utilidad que las recomendaciones de buen gobierno pueden alcanzar en ellas, en orden a facilitar la consecucin̤ de los fines –generales o mutualistas– perseguidos. Este estudio aporta, adems̀, la novedad de descender al anl̀isis pormenorizado de la normativa reguladora de los r̤ganos de gobierno en las distintas personas jurd̕icas a la luz de las recomendaciones de gobierno corporativo, tratando de combinar adecuadamente la flexibilidad y capacidad de adaptacin̤ que štas aportan, con la necesaria mayor rigidez del rǧimen normativo previsto, en favor de un eficaz funcionamiento de los r̤ganos y una gestin̤ ms̀ diligente y leal de los administradores o patronos. 
506 1 |a Disponible solo en los productos indicados  |d vLex Global  |d vLex Global (Academic Edition, excluding Law Schools)  |d vLex Global (U.S. Academic Edition, Law Schools)  |d vLex Global (U.S. Academic Edition, excluding Law Schools)  |d vLex Global (Academic Edition, Law Schools) 
650 0 4 |a Sociedades  |z Espaą 
740 0 |a vLex Libros (Servicio en ln̕ea) 
856 4 0 |u https://vlex.com/source/gobierno-corporativo-en-personas-juridicas-no-mercantiles-33676  |z Acceso restringido 
942 |c BOOK 
999 0 |a Societies